<?xml version='1.0' encoding='UTF-8'?>
  <record xmlns="http://www.loc.gov/MARC21/slim">
    <leader>00000cam a2200000Mi 4500</leader>
    <controlfield tag="001">ocn905274919</controlfield>
    <controlfield tag="003">OCoLC</controlfield>
    <controlfield tag="005">20251112173134.2</controlfield>
    <controlfield tag="008">790323s1938    ne       m    000 0 dut d</controlfield>
    <datafield tag="040" ind1=" " ind2=" ">
      <subfield code="a">NLGGC</subfield>
      <subfield code="b">dut</subfield>
      <subfield code="e">fobidrtb</subfield>
      <subfield code="c">NLGGC</subfield>
      <subfield code="d">OCLCO</subfield>
    </datafield>
    <datafield tag="029" ind1="0" ind2=" ">
      <subfield code="a">NLGGC</subfield>
      <subfield code="b">78230432X</subfield>
    </datafield>
    <datafield tag="035" ind1=" " ind2=" ">
      <subfield code="a">(OCoLC)905274919</subfield>
    </datafield>
    <datafield tag="050" ind1=" " ind2="4">
      <subfield code="a">ML2602.B65</subfield>
    </datafield>
    <datafield tag="072" ind1=" " ind2="7">
      <subfield code="a">Aa008</subfield>
      <subfield code="2">acapub</subfield>
    </datafield>
    <datafield tag="100" ind1="1" ind2=" ">
      <subfield code="a">Walther Boer, C.L.</subfield>
      <subfield code="q">(Coenraad Lodewijk),</subfield>
      <subfield code="d">1891-1984.</subfield>
      <subfield code="1">https://id.oclc.org/worldcat/entity/E39PBJghqqWg83cMfj7Dc6MQMP</subfield>
    </datafield>
    <datafield tag="245" ind1="1" ind2="0">
      <subfield code="a">Chansonvormen op het einde van de XVde eeuw :</subfield>
      <subfield code="b">een studie naar aanleiding van Petrucci's 'Harmonice musices Odhecaton' /</subfield>
      <subfield code="c">door Coenraad Lodewijk Walther Boer.</subfield>
    </datafield>
    <datafield tag="246" ind1="3" ind2=" ">
      <subfield code="a">Chansonvormen op het einde van de 15de eeuw</subfield>
    </datafield>
    <datafield tag="260" ind1=" " ind2=" ">
      <subfield code="a">Amsterdam :</subfield>
      <subfield code="b">H.J. Paris,</subfield>
      <subfield code="c">1938.</subfield>
    </datafield>
    <datafield tag="300" ind1=" " ind2=" ">
      <subfield code="a">X, 127 p. :</subfield>
      <subfield code="b">muz. ;</subfield>
      <subfield code="c">25 cm.</subfield>
    </datafield>
    <datafield tag="336" ind1=" " ind2=" ">
      <subfield code="a">tekst</subfield>
      <subfield code="b">txt</subfield>
      <subfield code="2">rdacontent/dut</subfield>
    </datafield>
    <datafield tag="337" ind1=" " ind2=" ">
      <subfield code="a">zonder medium</subfield>
      <subfield code="b">n</subfield>
      <subfield code="2">rdamedia/dut</subfield>
    </datafield>
    <datafield tag="338" ind1=" " ind2=" ">
      <subfield code="a">band</subfield>
      <subfield code="b">nc</subfield>
      <subfield code="2">rdacarrier/dut</subfield>
    </datafield>
    <datafield tag="500" ind1=" " ind2=" ">
      <subfield code="a">Bijlagen: I. Bronnen, welker inhoud vergeleken werd met dien van het Odhecaton.  II. Inhoud van het Odhecaton, met vermelding van bronnen en moderne uitgaven.  III. De teksten.  A. Fransche.  B. Italiaansche.  C. Nederlandsche.  D. Motetteksten.</subfield>
    </datafield>
    <datafield tag="500" ind1=" " ind2=" ">
      <subfield code="a">"Stellingen": 2 leaves laid in.</subfield>
    </datafield>
    <datafield tag="500" ind1=" " ind2=" ">
      <subfield code="a">"Errata" slip mounted on fly-leaf.</subfield>
    </datafield>
    <datafield tag="500" ind1=" " ind2=" ">
      <subfield code="a">"Muziekvoorbeelden": p. [52]-83.</subfield>
    </datafield>
    <datafield tag="502" ind1=" " ind2=" ">
      <subfield code="a">Proefschrift Utrecht.</subfield>
    </datafield>
    <datafield tag="504" ind1=" " ind2=" ">
      <subfield code="a">"Litteratuurlijst": p. [122]-125.</subfield>
    </datafield>
    <datafield tag="530" ind1=" " ind2=" ">
      <subfield code="a">Titel wordt gedigitaliseerd voor de Koninklijke Bibliotheek in het kader van Metamorfoze.</subfield>
    </datafield>
    <datafield tag="650" ind1=" " ind2="0">
      <subfield code="a">Songs</subfield>
      <subfield code="x">History and criticism</subfield>
      <subfield code="y">Medieval, 400-1500.</subfield>
    </datafield>
    <datafield tag="650" ind1=" " ind2="0">
      <subfield code="a">Songs, French</subfield>
      <subfield code="x">History and criticism.</subfield>
    </datafield>
    <datafield tag="600" ind1="1" ind2="7">
      <subfield code="a">Petrucci, Ottaviano dei,</subfield>
      <subfield code="d">1466-1536.</subfield>
      <subfield code="2">local</subfield>
      <subfield code="0">(NL-LeOCL)070920753</subfield>
    </datafield>
    <datafield tag="650" ind1=" " ind2="7">
      <subfield code="a">Liederen.</subfield>
      <subfield code="2">nbdbt</subfield>
      <subfield code="0">(NL-LeOCL)077976878</subfield>
    </datafield>
    <datafield tag="650" ind1=" " ind2="7">
      <subfield code="a">15e eeuw.</subfield>
      <subfield code="2">nbdbt</subfield>
      <subfield code="0">(NL-LeOCL)077984331</subfield>
    </datafield>
    <datafield tag="776" ind1="0" ind2=" ">
      <subfield code="a">Walther Boer, Coenraad Lodewijk</subfield>
      <subfield code="t">Chansonvormen op het einde van de XVde eeuw : een studie naar aanleiding van Petrucci's 'Harmonice musices Odhecaton'</subfield>
      <subfield code="w">(NL-LeOCL)394977122</subfield>
      <subfield code="w">(OCoLC)914341674</subfield>
    </datafield>
    <datafield tag="776" ind1="0" ind2=" ">
      <subfield code="a">Walther Boer, Coenraad Lodewijk</subfield>
      <subfield code="t">Chansonvormen op het einde van de XVde eeuw : een studie naar aanleiding van Petrucci's 'Harmonice musices Odhecaton'</subfield>
      <subfield code="w">(NL-LeOCL)416520154</subfield>
      <subfield code="w">(OCoLC)914341674</subfield>
    </datafield>
  </record>